000 01516nam a2200397 a 4500
001 ebr10479979
003 CaPaEBR
006 m u
007 cr cn|||||||||
008 031027s2003 enkab sb 001 0 eng d
010 _z 2003273623
020 _z074531967X
020 _z0745319661 (PBK.)
020 _z9780745319674
020 _z9781849641654 (e-book)
040 _aCaPaEBR
_cCaPaEBR
035 _a(OCoLC)53977635
050 1 4 _aGF90
_b.M364 2003eb
082 0 4 _a304.2
_221
245 0 0 _aLandscape, memory and history
_h[electronic resource] :
_banthropological perspectives /
_cedited by Pamela J. Stewart and Andrew Strathern.
260 _aLondon ;
_aSterling, Va. :
_bPluto,
_c2003.
300 _avi, 246 p. :
_bill., maps.
490 1 _aAnthropology, culture, and society
504 _aIncludes bibliographical references and index.
533 _aElectronic reproduction.
_bPalo Alto, Calif. :
_cebrary,
_d2013.
_nAvailable via World Wide Web.
_nAccess may be limited to ebrary affiliated libraries.
650 0 _aLandscape assessment.
650 0 _aLandscape changes.
650 0 _aLandscapes
_xSocial aspects.
650 0 _aGeographical perception.
655 7 _aElectronic books.
_2local
700 1 _aStewart, Pamela J.
700 1 _aStrathern, Andrew.
710 2 _aebrary, Inc.
830 0 _aAnthropology, culture, and society.
856 4 0 _uhttp://site.ebrary.com/lib/rucke/Doc?id=10479979
_zAn electronic book accessible through the World Wide Web; click to view
999 _c118056
_d118056